[Event "Mermaid Beach Club"]
[Site "Bermuda"]
[Date "1999.01.25"]
[Round "5"]
[White "Pelletier, Yannick"]
[Black "Teplitsky, Yan"]
[Result "1/2-1/2"]
[WhiteElo "2483"]
[BlackElo "2453"]
[Annotator "Ribli,Z"]
[PlyCount "53"]
[EventDate "1999.01.21"]
[EventType "tourn"]
[EventRounds "13"]
[EventCountry "BER"]
[EventCategory "9"]
[SourceTitle "CBM 069"]
[Source "ChessBase"]
[SourceDate "1999.04.01"]
[SourceVersion "1"]
[SourceVersionDate "1999.04.01"]
[SourceQuality "1"]

1. d4 Nf6 2. c4 e6 3. Nf3 d5 4. Nc3 Bb4 {Das ist die sogenannte
Ragozin-Variante. Schwarz spielt auf Kontrolle des Zentrunsfeldes e4 und
tauscht in vielen Varianten seinen Läufer mit ...Bxc3. Ribli.} 5. cxd5 {
Die andere chancenreiche Fortsetzung für Weiß wäre 5.Bg5 h6 (nach 5...dxc4
kann Schwarz die Wiener-Variante spielen) 6.Bxf6 Qxf6 mit etwas weißem Vorteil.
} exd5 6. Bg5 Nbd7 7. Qa4 {Eine relativ selten gespielte Fortsetzung. Die
Alternative 7.e3 ist beliebter. Nach dem Damenzug hängt der Läufer b4 und der
Springer d7 ist gefesselt.} c5 (7... a5 8. a3 Bxc3+ 9. bxc3 $14) (7... Bxc3+ 8.
bxc3 O-O 9. e3 $16) 8. Rc1 (8. dxc5 $5 Bxc3+ $5 (8... Qa5 9. Bd2 $1 O-O (9...
Qxc5 10. a3 Bxc3 11. Bxc3 Qc6 12. Qh4 Qb6 13. e3 O-O 14. Be2 $14) 10. Qxa5 Bxa5
11. Rc1 Nxc5 12. Nxd5 $16 {1-0 Khalifman,A-Filippov,V/Samara 1998/CBM 67/
[Ribli] (61)}) 9. bxc3 O-O 10. Qb4 (10. e3 Nxc5 11. Qd4 Nce4 12. Be2 Nxg5 13.
Nxg5 Qc7 14. O-O h6 15. Nf3 Be6 16. Rfc1 Rfc8 17. Nd2 Qe7 18. Qb4 Kf8 19. Qxe7+
Kxe7 20. c4 dxc4 21. Bxc4 Bxc4 22. Nxc4 Rc5 23. Nd2 Rac8 24. Nb3 Rxc1+ 25. Rxc1
Rxc1+ 26. Nxc1 Kd6 $11 {1-0 Bozinovic,B-Dizdar,G/Makarska 1994 (61)}) (10. Qd4
Qa5 (10... h6 11. Bh4 Re8 12. Nd2 Qa5 $13) 11. Nd2 Re8 12. Nb3 Qc7 13. Bxf6
Nxf6 14. e3 Bd7 15. Bd3 Rac8 16. h3 a5 17. a4 Ne4 18. Qxd5 Re5 19. Qd4 Nxc5 20.
Nxc5 Rxc5 21. O-O Rxc3 22. Rfd1 Be6 {0-1 Bayer,E-Heyken,E/ BL9091 (53)}) 10...
h6 (10... Re8 11. e3 Qc7 12. Bb5 Re4 13. Qa3 Qxc5 14. Qxc5 Nxc5 15. Bxf6 gxf6
16. Nd4 a6 17. Be2 Bd7 18. Kd2 {1/2-1/2 Horvath,G-Sarosi,Z/HUNtt 1996 (18)}) (
10... Qc7 $2 11. Bf4 $16) 11. Be3 Ne4 12. Rd1 a5 13. Qa3 Qe7 14. Rxd5 b6 15.
Bc1 Bb7 16. c6 Qxa3 17. Bxa3 Bxc6 18. Rd4 Rfc8 $44 {1/2-1/2 Nikolic,P-Kramnik,
V/Monte Carlo 1997 (57)}) (8. e3) (8. a3 $6 Bxc3+ 9. bxc3 O-O 10. dxc5 Nxc5 11.
Qd4 Nce4 $15) 8... Qa5 (8... O-O 9. e3 Qb6 10. Be2 (10. Bxf6 Nxf6 11. dxc5 Bxc5
12. Qc2 Bg4 13. Be2 Bxf3 14. Bxf3 d4 15. exd4 Rfe8+ 16. Ne2 Bb4+ 17. Kf1 Qe6 {
1/2-1/2 Bayer,E-Saacke,B/BL8586 1986/BL 80 (51)}) 10... Ne4 11. O-O Bxc3 12.
bxc3 c4 13. Be7 Re8 14. Bh4 a6 15. Ng5 Nd6 16. Bg3 Nf5 17. e4 Qg6 18. Nh3 Nxg3
19. fxg3 b5 20. Qb4 dxe4 21. a4 {0-1 Papaioannou,I-Aleksandrov,A/Gent 1992/EXP
32 (41)}) 9. Qxa5 Bxa5 10. dxc5 Nxc5 {[%csl Ye4] Schwarz hat einen isolierten
Damenbauern und Weiß kann mit 11.Bxf6 weitere strukturelle Schwächen schaffen,
aber Schwarz ist aktiv und kontrolliert stark das Feld e4.} 11. Bxf6 (11. Bd2
Ne6 $11 {Die positionelle schwarze Drohung ist 12...d4 und nach 12.e3 kann er
dies mit 12...0-0 und 13...Rd8 vorbereiten. Er bekommt eine gleiche Stellung.}
(11... O-O $6 12. Nxd5 Bxd2+ 13. Nxd2 Nxd5 14. Rxc5 Be6 15. e4 Nb6 (15... Nf6
16. Bd3 $16) 16. b3 Nd7 17. Rc3 Rac8 18. Rxc8 Rxc8 19. Kd1 Ne5 20. Be2 g5 21.
h4 $14 {Das ist mit Zugumstellung die Partie Khalifman,A - Filippov,V Samara
1998.})) 11... gxf6 {[%csl Rd5,Rf6,Rf7] Weiß kann in Wirklichkeit die
dauerhaften schwarzen Bauernschwächen nicht angreifen.} 12. e3 Ne4 $11 {
[%csl Ga5,Ge4] Das ist häufig der Schlüsselzug in der Ragozin-Variante. Auch
die weiße Bauernstruktur wird verschlechtert.} 13. Bd3 Be6 (13... Nxc3 14. bxc3
Ke7 $11) 14. Ke2 (14. Nd4 Nxc3 15. bxc3 Rc8 $11) 14... Nxc3+ 15. bxc3 {Schwarz
kann die weiße Bauernschwäche angreifen.} Rc8 {[%csl Rc3]} 16. Kd2 Ke7 {
Schwarz verbindet die Türme.} 17. Nd4 Bd7 {Die Aktivität des weißen Springers
ist jetzt eingeschränkt.} (17... Rc7 18. Nb5) (17... Rc5 $2 18. Nb3 $18 {
[%cal Rb3c5,Rb3a5]}) 18. Nb3 Bb6 19. Rb1 {[%cal Gb1b7]} Rc7 {[%csl Rc3][%cal
Rh8c8,Rc8c3]} 20. Rhc1 h6 {Diesen Zug muß Schwarz früher oder später machen,
um den Bauern aus der Schußlinie des weißen Läufers zu nehmen.} (20... Rhc8 21.
Nd4 $11 (21. Bxh7 $6 Rh8 22. Bd3 Rxh2 $15)) 21. Nd4 Rhc8 22. Ne2 {[%cal Ge2f4,
Gf4d5]} (22. Nf5+ Bxf5 23. Bxf5 Rg8 24. g3 Kd6 $11) 22... Be6 23. Rb4 {[%cal
Gb4h4,Gh4h6]} (23. Nd4 Bd7 $11) 23... d4 $5 {Schwarz tauscht seine
Bauernschwäche gegen a2.} 24. exd4 (24. Nxd4 Ba5 25. Nxe6 fxe6 26. Rb3 f5 $14)
24... Bxa2 25. Rb5 (25. c4 $2 {Dieser Zug wäre logisch, um den schwarzen
Läufer einzusperren, aber Schwarz kann sofort die unglückliche weiße
Turmstellung ausnutzen.} Ba5 $19 {[%cal Ra5d2]}) 25... Be6 {Wir haben
dynamisches Gleichgewicht. Schwarz hat einige Bauernschwächen am Königsflügel.
Diese werden aber durch den weißen Bauern c3 und das Läuferpaar kompensiert.}
26. Rh5 Bg4 27. Rh4 {Und in ausgeglichener Stellung wurde Remis vereinbart.} (
27. Rh4 Bxe2 28. Re4+ (28. Bxe2 Ba5 29. Rh3 $11) 28... Kd6 29. Bxe2 Ba5 30. Re3
a6 $11) (27. Rxh6 Bxe2 28. Re1 $5 (28. Bxe2 Bxd4 $15 {[%csl Rc1][%cal Rc8c1]})
28... Rxc3 29. Rxe2+ Kf8 30. Bf5 Ba5 $11 {[%csl Rd2][%cal Ra5d2][%mdl 48]})
1/2-1/2

[Event "EU-ch 6th"]
[Site "Warsaw"]
[Date "2005.06.20"]
[Round "3"]
[White "Neverov, Valeriy"]
[Black "Moiseenko, Alexander"]
[Result "1-0"]
[WhiteElo "2566"]
[BlackElo "2665"]
[Annotator "Ribli,Z"]
[PlyCount "144"]
[EventDate "2005.06.18"]
[EventType "swiss"]
[EventRounds "13"]
[EventCountry "POL"]
[SourceTitle "CBM 108"]
[Source "ChessBase"]
[SourceDate "2005.09.26"]
[SourceVersion "1"]
[SourceVersionDate "2005.09.26"]
[SourceQuality "1"]

1. d4 Nf6 2. c4 e6 3. Nf3 d5 4. Nc3 Bb4 5. Bg5 h6 6. Bxf6 Qxf6 7. Qa4+ Nc6 8.
e3 O-O 9. cxd5 exd5 10. Be2 Be6 11. O-O (11. a3 Bd6 12. Nb5 Bg4 13. O-O Ne7 14.
Rfc1 Bd7 15. Qb3 Bxb5 16. Qxb5 a5 17. Rc2 Qe6 18. Rac1 c6 19. Qd3 Kh8 20. Nd2
a4 $11 {1-0 Pantsulaia,L-Aleksandrov,A/Warsaw 2005/CBM 108 (60)}) 11... a6 12.
Ne1 {Weiß möchte seine Springerstellung verbessern und bereitet 13.Nd3 vor.
Aber ich glaube, die Fortsetzung 12.Rfc1 bietet Weiß bessere Chancen, als die
Partiefortsetzung.} Bd6 13. Nd3 Ne7 {Schwarz strebt mit dem Springer zum
Königsflügel. Die Alternative 13...Rad8! kommt ebenfalls stark in Betracht.} (
13... Rad8 $1 14. Qd1 $5 (14. Qb3 Ne7 15. Na4 (15. Qxb7 $4 Rb8 16. Qxa6 Ra8 $19
{[%csl Ra6]}) 15... Bc8 $36 {[%cal Ge7f5,Gf5h4]}) 14... Ne7 15. g3 g6 16. Bf3
h5 17. Nf4 Bxf4 18. gxf4 Nf5 19. Kh1 (19. b4) 19... c5 20. dxc5 d4 21. Ne4 Qe7
22. Qe2 Nh4 {0-1 Seirawan,Y-Lautier,J/Beograd 1991/ (46)}) 14. b4 {Mit diesem
Zug leitet Weiß einen Minoritäts-Angriff ein.} Nf5 15. Rfc1 (15. b5 axb5 16.
Qxb5 c6 17. Qb2 (17. Qxb7 $2 Rfb8 18. Qxc6 Rc8 $19) 17... Rfb8 $11) 15... c6
16. Qd1 Rae8 17. a4 Bc8 18. Ra2 (18. b5 $5) 18... Qg5 $13 {[%cal Gf5h4,Gh4g2,
Gf5e3] Weiß hat Positionsvorteile am Damenflügel, während Schwarz die
Initiative am Königsflügel besitzt.} 19. Bf1 Re6 {[%cal Ge6g6]} 20. Ne2 Rf6 21.
b5 {[%mdl 32] Weiß verschlechtert mit dem Bauernopfer die schwarze
Bauernstruktur.} cxb5 (21... Nxe3 $5 22. fxe3 Qxe3+ 23. Kh1 Rxf1+ 24. Qxf1 Qxd3
$132) 22. axb5 axb5 (22... Nxe3 $5 23. fxe3 Qxe3+ 24. Kh1 Rxf1+ 25. Qxf1 Qxd3
$132) 23. Ra8 Be6 24. Rxf8+ Bxf8 25. Nef4 $14 {[%csl Gf4] Weiß besitzt eine
gesunde Bauernstruktur, auch weil Schwarz am Damenflügel viele potentielle
Schwächen besitzt.} Nd6 26. g3 {[%cal Gf1g2,Gg2d5]} Bg4 $6 27. Qb3 $16 Bf3 $2 (
27... Be6 28. Bg2 $16) 28. Ne5 {[%csl Rf3]} Be4 29. h4 Qf5 30. f3 {[%csl Re4]
[%cal Rf3e4] Mit diesem Zug gewinnt Weiß eine Figur.} Bxf3 31. Nxf3 Qg4 32. Bg2
Qxg3 33. Nh5 {[%cal Rh5f6,Rh5g3]} Qg4 34. Nxf6+ gxf6 35. Qxd5 $18 {[%mdl 1024]
Weiß hat deutlichen Materialvorteil und steht auf Gewinn.} Nf5 36. Re1 Bd6 37.
e4 $6 (37. Qxb5 Nxh4 38. Nxh4 Qxh4 39. Kf1 $18) 37... Nxh4 38. Nxh4 Qxh4 39.
Re3 Bf4 40. Rf3 Qe1+ 41. Bf1 (41. Rf1 $2 Be3+ 42. Kh2 Qh4+ 43. Bh3 Bf4+ 44.
Rxf4 Qxf4+ $11) 41... Qd2 {[%cal Rd2h2,Rh2g1]} (41... Be3+ 42. Kg2 Qd2+ 43. Kh3
$18) 42. Qh5 {Aufgrund des großen Materialvorteils von Weiß kann er den
d4-Bauern opfern.} (42. Bxb5 {Dieser Zug gewinnt sofort, laut Computer, aber
bei beschränkter Bedenkzeit ist es nicht so leicht solche Züge zu finden und
alle schwarzen Schachmöglichkeiten zu berechnen.} Qh2+ (42... Be3+ 43. Kh1 Qd1+
44. Kg2 Qg1+ 45. Kh3 $18) 43. Kf1 Qh1+ 44. Ke2 Qg2+ 45. Rf2 Qg4+ 46. Ke1 Qg1+
47. Bf1 Bg3 48. Qd8+ Kh7 49. Qxf6 $18) 42... Qxd4+ 43. Kg2 Bg5 44. Qg4 b4 45.
Qf5 Qd2+ 46. Rf2 Qd1 47. Bc4 {[%cal Rf5g6,Rg6g8] Nach diesem Zug muss Schwarz
mit dem Motiv Qg6+ rechnen.} Kg7 48. e5 Qd4 49. exf6+ Bxf6 50. Qd5 Qg4+ (50...
Qxd5+ 51. Bxd5 $18) 51. Kf1 Qh3+ 52. Qg2+ Qxg2+ 53. Kxg2 {Ohne Damen ist der
Gewinn einfach, aber Schwarz kann in seiner hoffnungsloser Stellung noch ein
paar Züge machen.} Kg6 54. Kf3 b5 55. Bb3 {55.Bxb5 gewinnt auch, aber der
Textzug ist viel einfacher.} (55. Bxb5 b3 56. Rg2+ Kh7 57. Bd3+ Kh8 58. Ke4 $18
) 55... Bg5 56. Ke4 f6 57. Rf5 Bd2 58. Rxb5 {Schrittweise vernichtet Weiß alle
schwarzen Bauern.} h5 59. Bd1 h4 60. Kf3 Be1 61. Kg4 Kf7 62. Bb3+ Ke7 63. Rb6
Bc3 64. Kxh4 {Hier wäre sicherlich der Punkt erreicht, an dem Schwarz beruhigt
aufgeben kann.} Kd7 65. Kg4 Kc7 66. Ra6 Kb7 67. Re6 Kc7 68. Kf5 Kd7 69. Ke4 Kc7
70. Kd5 Kd7 71. Ba4+ Kc7 72. Kc5 Kb7 1-0

[Event "Ciocaltea Memorial"]
[Site "Bucharest"]
[Date "1999.03.05"]
[Round "2"]
[White "Conquest, Stuart"]
[Black "Vasilescu, Lucian Mihail"]
[Result "1-0"]
[WhiteElo "2488"]
[BlackElo "2381"]
[Annotator "Ribli,Z"]
[PlyCount "75"]
[EventDate "1999.03.04"]
[EventType "tourn"]
[EventRounds "13"]
[EventCountry "ROU"]
[EventCategory "10"]
[SourceTitle "CBM 070"]
[Source "ChessBase"]
[SourceDate "1999.06.08"]
[SourceVersion "1"]
[SourceVersionDate "1999.06.08"]
[SourceQuality "1"]

{[%mdl 8704]} 1. d4 Nf6 2. c4 e6 3. Nf3 d5 4. Bg5 Nbd7 (4... dxc4 $5) 5. e3
Bb4+ 6. Nc3 c5 7. Bd3 {Das ist eine seltene weiße Zugfolge. Ribli.} (7. cxd5
exd5 8. Bd3 Qa5 9. Qc2 c4 10. Bf5 O-O 11. O-O {Das ist die Hauptfortsetzung
der Ragozin-Variante. Schwarz gibt den b4-Läufer für den Springer auf und
strebt so die Kontrolle des Feldes e4 an.}) 7... Qa5 8. O-O cxd4 (8... dxc4 9.
Bxc4 Bxc3 10. bxc3 b5 (10... Qxc3 11. Rc1 Qa5 12. dxc5 O-O 13. Qd4 Re8 14. Bb3
{1-0 Kiviaho,B-Cossette,D/North Bay 1996/EXT 98 (49)}) (10... Ne4 11. Bf4 b5
12. Bd3 Nxc3 13. Qd2 Qa3 14. Bd6 Bb7 15. dxc5 {1-0 Nordstrom,J-Berg,S/Sweden
1992/EXT 97 (23)}) 11. Bxf6 (11. Be2 Ne4 12. dxc5 f6 13. Qd4 Ndxc5 $13) 11...
Nxf6 12. Be2 Ne4 (12... O-O 13. Ne5 Bb7 14. Qb3 Rab8 15. Qxb5 Qxb5 16. Bxb5
Bxg2 17. Rfb1 Be4 18. Bd3 $11) 13. dxc5 Nxc3 14. Qc2 b4 15. Rfc1 Bd7 16. Bf1
Rc8 17. a3 Qxc5 18. axb4 Qxb4 19. Ne5 Rc7 20. Qd2 Ke7 21. Nxd7 Rd8 22. Rab1 Qa3
23. Ra1 Qb4 24. Rab1 Qa3 25. Ra1 {1/2-1/2 Unzicker,W-Blatny,P/BL 1995 (25)}) 9.
exd4 Bxc3 (9... dxc4 10. Bxc4 Bxc3 (10... O-O 11. Qd3 Bxc3 12. bxc3 b6 13. Rfe1
Bb7 14. Ne5 Rac8 15. Bd2 Nxe5 16. Rxe5 Qa3 17. Bb3 Rfd8 18. Rae1 Ba6 19. Qg3 {
1-0 Pribyl,M-Pokorny,T/Lazne Bohdanec 1996/CBM 50 ext (25)}) 11. bxc3 O-O 12.
Re1 b6 13. Ne5 Bb7 14. Bb3 (14. Qd3 $5) 14... Ne4 $5 15. d5 (15. Be7 $5 Nxe5 $1
16. Bxf8 Ng6 17. Bb4 Qg5 18. d5 exd5 $44) 15... Nxg5 16. Nxd7 Rfd8 17. Ne5 Bxd5
18. Qh5 Qxc3 $1 $17 {0-1 Damaso,R-Giorgadze,G/Moscow (ol) 1994/Inf 62/
[Giorgadze,G] (63)}) 10. bxc3 Qxc3 $6 {Mit diesem Zug gewinnt Schwarz einen
Bauern, aber Weiß bekommt dauerhafte Initiative. Es wäre besser, mit 10...dxc4
fortzusetzen und sich nach ...0-0 normal mit ...b7-b6 und ...Bc8-b7 zu
entwickeln.} (10... dxc4 11. Bxc4 O-O) 11. Rc1 (11. cxd5 Nxd5 12. Rc1 Qa5 13.
Qc2 N7b6 14. Bd2 Qa3 15. Bxh7 Bd7 16. Ne5 Qe7 17. Be4 Qh4 18. h3 Rc8 19. Qd3
Rxc1 20. Bxc1 O-O 21. Re1 {1-0 Larsen,S-Hyldkrog,L/Lyngby 1989/EXT 97 (45)})
11... Qa5 (11... Qa3 12. c5 $5 $44 (12. cxd5 Nxd5 13. Qc2 $36 {[%cal Rc2h7,
Rc1c8]})) 12. c5 O-O 13. Qc2 $44 {Weiß hat noch nichts konkretes für den
Bauern, aber es ist nicht leicht für Schwarz, seine Entwicklung zu beenden.
Weiß kann mit Ne5 / f4 / Rf3 seine Stellung verstärken.} Re8 (13... h6 14. Bf4
{[%csl Yd6][%cal Gf4d6]}) 14. Rfe1 {[%cal Ge1e8]} Nf8 15. Rb1 {[%cal Gb1b7]
Das Hauptproblem ist dire Entwicklung des Damenläufers.} Qc7 {[%cal Gc8d7]} (
15... b6 16. Bd2 Qa3 17. Bb4 $18) 16. Bh4 {[%cal Gh4g3,Gg3c7]} Bd7 17. Ne5 Bc6
18. Re3 {[%cal Ge3g3,Gg3g8]} (18. Bxf6 $6 gxf6 19. Ng4 Qf4 $15) 18... N6d7 19.
Bg3 {[%cal Gg3c7]} Nxe5 20. Bxe5 {[%csl Gd3,Ge5]} Qe7 $6 {Der andere Damenzug
wäre besser, aber auch dann hat Weiß Kompensation.} (20... Qd7 21. Qe2 $44) 21.
Bd6 Qf6 $6 (21... Qd7 22. Bxf8 Kxf8 23. Bxh7 $14) 22. Rf3 Qxd4 $4 {Ein
unglaublicher Fehler! Schwarz ist arglos, nimmt den zweiten Bauern und läßt
sich die Dame fangen.} (22... Qg5 23. Bxf8 Kxf8 24. Bxh7 e5 $13) 23. Rf4 $16 {
[%csl Rd4][%cal Rf4d4]} Ba4 24. Qd2 (24. Qxa4 $2 Qxd3) 24... Qxf4 25. Qxf4 {
Weiß hat eine Dame gegen Turm zwei Bauern, aber die Stellung ist noch
geschlossen, so daß Weiß linein öffnen muß.} Bc6 26. h4 $1 {[%csl Gd6]} Ng6 27.
Qg3 {[%cal Rh4h5]} f6 28. Bxg6 (28. h5 $18) 28... hxg6 29. Qxg6 $18 {Weiß hat
deutlichen Materialvorteil und Angriff.} Red8 30. h5 {[%csl Rg8]} Be8 31. Qg4
f5 32. Qg5 Rd7 33. Re1 {[%cal Re1e6]} b6 (33... Bf7 34. h6 g6 35. Qf6 $18) 34.
Rxe6 bxc5 35. Bxc5 {[%csl Gc5,Ge6,Gg5][%cal Rc5d4,Rd4g7]} Rc8 36. Bd4 Rf7 37.
h6 {Der h-Bauer ist tödlich für Schwarz.} Bd7 38. Rg6 {[%csl Rg7,Rg8] Und
Schwarz gab in völlig verlorener Stellung auf.} 1-0

[Event "Abu Dhabi op 13th"]
[Site "Abu Dhabi"]
[Date "2003.08.17"]
[Round "2"]
[White "Sargissian, Gabriel"]
[Black "Bagirov, Rufat"]
[Result "1/2-1/2"]
[WhiteElo "2600"]
[BlackElo "2507"]
[Annotator "Ribli,Z"]
[PlyCount "71"]
[EventDate "2003.08.16"]
[EventType "swiss"]
[EventRounds "9"]
[EventCountry "UAE"]
[SourceTitle "CBM 097"]
[Source "ChessBase"]
[SourceDate "2003.11.11"]
[SourceVersion "1"]
[SourceVersionDate "2003.11.11"]
[SourceQuality "1"]

1. d4 d5 2. c4 e6 3. Nf3 Nf6 4. Nc3 Bb4 5. cxd5 exd5 6. Bg5 Nbd7 {Dieser
Springerzug ist sehr populär in der Großmeisterpraxis.} 7. Qc2 {Dieser Zug
wurde zuerst von Kramnik in die Turnierpraxis eingeführt. Die Hauptidee des
Zuges ist, dass Weiß noch nicht 7.e3 spielt, um so im Falle von 7...c5 nach 8.
dxc5 Qa5 mit dem Läufer nach d2 zurückkommen zu können.} (7. e3 c5 8. Bd3 Qa5
9. Qc2 c4 10. Bf5 {Das ist die eigentliche Hauptfortsetzung in der Variante 6..
.Nbd7.}) 7... O-O 8. a3 Bxc3+ {Das ist die konsequente Fortsetzung - nach 8...
Be7 hat Weiß eigentlich ein Tempo mehr in der Abtauschvariante (die
gewöhnliche Zugfolge ist 1.d4 d5 2.c4 e6 3.Nc3 Nf6 4.cxd5 exd5).} (8... Be7 9.
e3 Re8 10. Bd3 c6 11. h3 Nf8 12. Bf4 Bd6 13. Bxd6 Qxd6 14. O-O Ng6 15. b4 a6
16. Rfc1 Re7 17. Rab1 Bd7 18. Ne2 {1-0 Bischoff,K-Buhmann,R/Fuerth 2001/EXT
2002 (64)}) 9. Qxc3 c6 {Die Partiefortsetzung führt zu einer festen Stellung.
Die Alternative 9...h6 10.Bh4 c5 gibt Schwarz mehr dynamisches Spiel.} (9... h6
10. Bh4 c5 $5 (10... c6 11. Nd2 $5 Qe8 12. f3 Qe6 13. e3 Nb6 14. Bf2 Nh5 15. g4
Nf4 16. O-O-O Ng6 17. Bd3 Bd7 18. Kb1 $14 {1/2-1/2 Karpov,A-Milov,V/Buenos
Aires 2000/CBM 80/[Ribli] (38)}) 11. Bxf6 Qxf6 12. e3 c4 13. Be2 b5 14. a4 bxa4
15. Rxa4 Qb6 16. O-O Nf6 17. Nd2 Bd7 18. Ra3 a5 {1/2-1/2 Pogorelov,R-Milov,V/
Istanbul 2003/CBM96 (48)}) 10. Nd2 $5 (10. e3 Qe8 (10... h6 11. Bh4 Qe8 12. Nd2
Ne4 13. Qc2 Nb6 14. Bd3 Bf5 15. Bg3 Qe6 16. O-O Rac8 17. Rfc1 Bg6 {0-1 Ruck,
R-Milov,V/Ohrid 2001/CBM 84 (79)}) 11. Qc2 Ne4 12. Bf4 Nb6 (12... Ndf6 13. h3
Nh5 14. Be5 f6 15. Bh2 f5 16. Bd3 f4 17. O-O fxe3 18. fxe3 Nhf6 19. Ne5 Be6 20.
b4 {1/2-1/2 Beliavsky,A-Delchev,A/Moscow 2001/CBM 86/[Kostakiev,D] (33)}) 13.
Bd3 Bf5 14. Nh4 Bd7 15. O-O Qe7 16. Nf3 Bf5 17. h3 Nd7 18. b4 Bg6 19. Rfc1 Nd6
{0-1 Bukal,V-Buhmann,R/Mitte AUT 2003/(55)}) 10... Qe8 $5 {Auf diese Weise
befreit Schwarz sich von der Fesselung des Nf6 und droht in einigen Varianten
Ne4. Wichtig ist auch, dass Schwarz 10...h6 unterlässt, um die Aufstellung mit
11.f3 und späterem e2-e3 nebst Bf2 zu verhindern. Diese ist normalerweise nur
möglich mit den Zügen 10...h6 11.Bh4.} (10... h6 11. Bh4 Qe8 (11... g5 12. Bg3
Ne4 13. Nxe4 dxe4 14. h4 Nb6 15. hxg5 Nd5 16. Qc5 hxg5 17. e3 Re8 18. Bc4 Be6
19. Kd2 {1-0 Schlosser,P-Wirthensohn,H/Baden 2001/EXT 2002 (70)}) 12. f3 Qe6
13. e3 b6 14. Be2 Re8 15. Bf2 c5 16. O-O $14 {1-0 Aronian,L-Bagirov,R/Batumi
2002/CBM 90/[Ribli] (53)}) 11. f3 Qe6 12. Bh4 {Wenn Weiß (von selbst) so
spielen muss, dann bedeutet das, dass Schwarz den Zug h7-h6 einsparen konnte.}
(12. e3 $6 Re8 $36 {[%cal Ge8e1] Jetzt der e3P ist eine Schwächung in der
weißen Stellung, da er nicht (von g5) Bf2 spielen kann.}) 12... Re8 13. Bf2 b6
$11 {[%cal Gc8a6,Ga6f1] Weiß hat zwar das Läuferpaar, aber Schwarz hat die
bessere Entwicklung und starke Kontrolle über die halboffene e-Linie.} 14. e3
Bb7 (14... a5 {[%cal Gc8a6,Ga6f1]} 15. Be2 Ba6 16. Bxa6 Rxa6 17. O-O a4 $11)
15. Be2 c5 16. O-O Rac8 {Ich muss bemerken, dass wir eine ähnliche Stellung
von der Nimzoindischen Verteidigung - 1.d4 Nf6 2.c4 e6 3.Nc3 bb4 4.Qc2 0-0 5.
a3 Bxc3 6.Qxc3 b6 7.Bg5 Variante - erhalten können.} 17. Rac1 Nb8 {[%cal Gb7a6,
Ga6e2][%mdl 32] Schwarz verbessert seine Springerstellung und möchte die
weißfarbigen Läufer tauschen mit} (17... cxd4 18. Qxd4 Nb8 {[%cal Gb8c6]} 19.
Nb3 $14 {[%cal Gb3d4]}) 18. Rfe1 Ba6 (18... cxd4 19. Qxd4 Nc6 20. Qf4 $14) 19.
Bxa6 Nxa6 20. dxc5 Nxc5 {[%cal Gc8c1] Nach diesem Zug befindet sich die weiße
Dame sehr unanganehm auf der halboffenen c-Linie.} (20... bxc5 21. e4 d4 (21...
dxe4 22. Nxe4 $14) 22. Qc4 $14) (20... Rxc5 21. Qd4 Rec8 22. Rxc5 Nxc5 23. b4
Ncd7 $11) 21. Bh4 (21. Qd4 $11) 21... g5 {Ein extravaganter, aber gar nicht
schlechter Zug, wonach der Läufer nach f2 zurückkommen muss.} (21... Na4 22.
Qd4 Rxc1 23. Rxc1 Qxe3+ 24. Qxe3 Rxe3 25. Ne4 $1 h6 (25... Ne8 26. Rc8 Kf8 27.
Bg5 Re2 28. Kf1 Rxe4 (28... Rxb2 29. Nd6 $18) 29. fxe4 dxe4 30. Bf4 $16) 26.
Nxf6+ gxf6 27. Bxf6 $14) 22. Bf2 (22. Bxg5 Nce4 {[%cal Re4g5,Re4c3,Rc8c1]} 23.
Qd4 Rxc1 24. Rxc1 Nxg5 25. h4 Nxf3+ 26. Nxf3 Qxe3+ 27. Qxe3 Rxe3 $17) 22... Qf5
(22... Nce4 23. Qd4 Rxc1 24. Rxc1 Nxf2 25. Kxf2 g4 $11 {Die schwarze
Königsstellung ist geschwächt, aber der weiße König ist auch nicht in voller
Sicherheit.}) 23. g4 $6 {Weiß verjagt die Dame von f5, aber das schwächt seine
Königsstellung.} (23. Qd4 Qg6 $11 (23... Nd3 $2 24. Rxc8 Rxc8 25. e4 dxe4 26.
Nxe4 Nxe4 27. Qxd3 Ng3 28. Qe3 Nh5 29. g4 $18)) 23... Qg6 24. b4 Nd3 {[%csl
Gd3][%cal Rd3c1,Rd3e1,Rc8c1]} 25. Qxc8 Rxc8 26. Rxc8+ Kg7 27. Rf1 Nxf2 28. Rxf2
{[%mdl 1024] Weiß hat zwei Türme gegen die Dame, aber die Dame steht aktiv und
hat einige gute Einbruchsfelder.} (28. Kxf2 Qd3 $17 {[%cal Rd3d2,Rd3a3]}) 28...
Qd3 {[%csl Gd3]} 29. Nf1 h5 $6 (29... Qxa3 $5 30. Ng3 {[%cal Gg3f5,Gf5g7]} Qxb4
31. Rb2 Qa3 $17 (31... Qxb2 $2 32. Nf5+ Kg6 33. Ne7+ Kh6 34. Nf5+ $11)) 30.
gxh5 Qxa3 31. Ng3 (31. Rg2 $5 Qxb4 (31... Kh6 32. Rc6 Qa1 33. h4 gxh4 34. Rg4
h3 35. Rf4 Qb2 36. Rcxf6+ Kg5 37. R6f5+ Kh6 38. Rg4 h2+ 39. Kh1 $16 (39. Nxh2
Qb1+ $19)) 32. Rxg5+ Kh6 33. f4 $13 {[%csl Rh6]}) 31... Qxb4 32. Rfc2 g4 (32...
Nd7 $17 {[%cal Gd7c5]}) 33. Rf2 {[%cal Gf2f8]} gxf3 34. Rxf3 Ng4 35. Rc7 Qe1+
36. Kg2 (36. Kg2 Ne5 (36... Nxe3+ $4 37. Rxe3 Qxe3 38. Nf5+ {[%cal Rf5g7,Rf5e3]
}) 37. Rf5 Qb4 38. Rxe5 $4 (38. Kh3 Qg4+ 39. Kg2 Qb4 $11) 38... Qb2+ $19 {
[%cal Rb2g2,Rb2e5]}) 1/2-1/2